Guess the Volcano Eruption - Statistics

General Stats
  • This quiz has been taken 12 times
  • The average score is 6 of 14
Answer Stats
Hint Answer % Correct
Destroyed Pompeii Mt Vesuvius
90%
Second most deadliest eruption in recorded history Mt. Krakatoa
70%
The eruption, which had a volcanic explosivity index of 5, was the first to occur in the contiguous United States since the much smaller 1915 eruption of Lassen Peak in California. Mt St Helens
70%
1980
60%
2010
60%
It caused the year without summer Mt Tambora
60%
1883
40%
79
40%
This Icelandic resulted in massive impacts on air travel worldwide. Over 100,000 flights were cancelled over that week, affecting 7 million passengers Mt.Eyjafjallajökull
40%
1815
30%
1902
20%
1912
20%
Largest Volcanic eruption of the 20th century Mt. Novarupta
10%
Deadliest eruption in the Americas Mt Pelee
10%
No matching quizzes found
Score Distribution
Percent of People with Each Score
Percentile by Number Answered
Your Score History
You have not taken this quiz